000 00979nam a2200253Ia 4500
003 OSt
005 20220923211620.0
006 a|||||r|||| 00| 0
007 ta
008 220922b |||||||| |||| 00| 0 hin d
024 _a12,493
037 _cTextual
040 _aARTS
_cARTS
_bhin
041 _2hin
_ahin
082 _aR66,5x,1,1,2, 152M2.1
100 _aयोगीन्द्रानन्द
_9161033
245 0 _aब्रह्यसूत्र शांकर भाष्यम्
_b श्री वाचस्पति मिश्र प्रणीता
246 _aBrahyasūtra shāankar bhāṣhyam: shrī vāchaspati mishra praṇītā
260 _aवाराणसी
_b षड्दर्शन
_c1982
300 _a1378पृ.
_ccm.
650 _aहिन्दी साहित्य
_9156264
942 _hR66,5x,1,1,2, 152M2.1
_cTEXL
_2CC
999 _c301480
_d301480